[Event "Dresden ZMD op"]
[Site "Dresden"]
[Date "2006.08.06"]
[Round "2"]
[White "Krabbe Rachut, Helmut"]
[Black "Pirrot, Dieter"]
[Result "0-1"]
[WhiteElo "1946"]
[BlackElo "2407"]
[PlyCount "67"]
[EventDate "2006.08.05"]
[EventType "swiss"]
[EventRounds "9"]
[EventCountry "GER"]
[SourceTitle "CBM 113 Extra"]
[Source "ChessBase"]
[SourceDate "2006.09.14"]
[SourceVersion "1"]
[SourceVersionDate "2006.09.14"]
[SourceQuality "1"]

1. e4 e5 2. Nf3 d6 3. h3 Nf6 4. Nc3 Be7 5. d4 exd4 6. Nxd4 0-0 7. Be2 Re8 8. 0-0 Bf8 9. Bd3 h6 10. f4 Nc6 11. Nxc6 bxc6 12. Kh2 Rb8 13. b3 a5 14. Bb2 d5 15. e5 Ng4+ 16. Kh1 Ne3 17. Qf3 Nxf1 18. Rxf1 a4 19. Ne2 c5 20. c4 dxc4 21. Bxc4 Be6 22. Bxe6 fxe6 23. f5 Qd5 24. Qf4 Rb4 25. Qf2 exf5 26. Qxf5 axb3 27. axb3 Qe6 28. Qh5 g6 29. Qf3 Rxb3 30. Bc3 Bg7 31. Nf4 Qc4 32. Nxg6 Rxc3 33. Qf5 Qe6 34. Qf4 0-1

[Event "Nord West Cup 05th"]
[Site "Bad Zwischenahn"]
[Date "2003.??.??"]
[Round "3"]
[White "Krabbe Rachut, Helmut"]
[Black "Bienhuels, Michael"]
[Result "1-0"]
[WhiteElo "1705"]
[BlackElo "1919"]
[PlyCount "91"]
[EventDate "2003.02.??"]
[EventType "swiss"]
[EventRounds "7"]
[EventCountry "GER"]
[SourceTitle "EXT 2004"]
[Source "ChessBase"]
[SourceDate "2003.11.25"]
[SourceVersion "1"]
[SourceVersionDate "2003.11.25"]
[SourceQuality "1"]

1. e4 c5 2. Nf3 Nc6 3. d4 cxd4 4. c3 dxc3 5. Nxc3 d6 6. Bc4 e6 7. 0-0 Nf6 8. Qe2 Be7 9. Rd1 e5 10. h3 0-0 11. Be3 a6 12. a4 b6 13. b4 Qc7 14. Rab1 Bb7 15. Nd5 Nxd5 16. exd5 Nb8 17. Rbc1 Qd8 18. Rc2 Nd7 19. Rdc1 Qe8 20. Bb3 Bd8 21. Ng5 h6 22. Ne4 Qe7 23. f4 f5 24. Ng3 exf4 25. Bxf4 g5 26. Qxe7 Bxe7 27. Bd2 f4 28. Ne4 Rac8 29. Rc7 Rxc7 30. Rxc7 Bc8 31. Bc4 Re8 32. Bxa6 Bxa6 33. Rxd7 Bc8 34. Rc7 Bf5 35. Nc3 Bf6 36. a5 bxa5 37. bxa5 Bd3 38. Rc6 Be5 39. Kf2 Ra8 40. Na4 Bb5 41. Nb6 Bxc6 42. dxc6 Ra7 43. Nd5 Kf7 44. c7 Ke6 45. c8Q+ Kxd5 46. Ke2 1-0

[Event "Nord West Cup 05th"]
[Site "Bad Zwischenahn"]
[Date "2003.??.??"]
[Round "7"]
[White "Krabbe Rachut, Helmut"]
[Black "Schallueck, Hans Christian"]
[Result "0-1"]
[WhiteElo "1705"]
[BlackElo "1567"]
[PlyCount "114"]
[EventDate "2003.02.??"]
[EventType "swiss"]
[EventRounds "7"]
[EventCountry "GER"]
[SourceTitle "EXT 2004"]
[Source "ChessBase"]
[SourceDate "2003.11.25"]
[SourceVersion "1"]
[SourceVersionDate "2003.11.25"]
[SourceQuality "1"]

1. e4 d5 2. exd5 Qxd5 3. Nc3 Qa5 4. d4 c6 5. Nf3 Nf6 6. Bc4 Bf5 7. 0-0 e6 8. h3 Be7 9. Qe2 0-0 10. Nh4 Re8 11. Nxf5 Qxf5 12. Bd3 Qa5 13. Ne4 Nbd7 14. Ng5 Nf8 15. Nf3 N8d7 16. c3 Bd6 17. Qc2 Bf8 18. Bf4 g6 19. b4 Qd8 20. Rfe1 Nd5 21. Bg3 Be7 22. a3 N5f6 23. Re2 Nf8 24. Rd1 Bd6 25. Bh4 Be7 26. Ne5 Nh5 27. Bxe7 Qxe7 28. Qd2 Qf6 29. g3 Qg7 30. g4 Nf6 31. g5 Nh5 32. Ng4 f6 33. h4 f5 34. Nh6+ Kh8 35. Bc4 Rad8 36. Rde1 Rd6 37. Re5 b6 38. Qe3 Qd7 39. b5 Re7 40. Qf3 Ng7 41. a4 Qb7 42. Bb3 Qd7 43. bxc6 Qxc6 44. d5 Qc8 45. c4 Nd7 46. R5e2 Nc5 47. Bc2 Qb7 48. Qf4 Qd7 49. Qe5 Qd8 50. Qf6 Qe8 51. Qe5 Qd7 52. Qf6 Qe8 53. Re3 Nd7 54. Qd4 e5 55. Qb2 Qc8 56. Bb3 Qc5 57. Kg2 Nh5 0-1

[Event "Nord West Cup 05th"]
[Site "Bad Zwischenahn"]
[Date "2003.??.??"]
[Round "6"]
[White "Lukossek, Thomas"]
[Black "Krabbe Rachut, Helmut"]
[Result "1/2-1/2"]
[WhiteElo "1750"]
[BlackElo "1705"]
[PlyCount "50"]
[EventDate "2003.02.??"]
[EventType "swiss"]
[EventRounds "7"]
[EventCountry "GER"]
[SourceTitle "EXT 2004"]
[Source "ChessBase"]
[SourceDate "2003.11.25"]
[SourceVersion "1"]
[SourceVersionDate "2003.11.25"]
[SourceQuality "1"]

1. e4 d5 2. exd5 Qxd5 3. Nc3 Qa5 4. Nf3 Nf6 5. d4 c6 6. Be2 Bg4 7. 0-0 e6 8. h3 Bh5 9. a3 Bd6 10. Nd2 Bg6 11. Nc4 Qc7 12. Nxd6+ Qxd6 13. Bf3 0-0 14. Na4 Nbd7 15. Nc3 Rfd8 16. Be3 Nb6 17. Qe2 Nbd5 18. Nxd5 exd5 19. c3 Re8 20. Qd1 Ne4 21. Qc1 b5 22. Bf4 Qd7 23. a4 a6 24. Bd1 Nd6 25. Bxd6 Qxd6 1/2-1/2